Гигиена и экология человека: учебное пособие

書誌詳細
第一著者: Крымская И. Г. Ирина Георгиевна
要約:Учебное пособие обеспечивает теоретические знания по курсу «Гигиена и экология человека» и содержит полную и современную информацию о гигиене и экологии человека, отражает закономерности влияния факторов окружающей среды на его здоровье. В нем освещены вопросы гигиены воздушной среды, почвы, воды и жилищ. В учебном пособии изложены положения традиционных гигиенических дисциплин: гигиена окружающей среды, гигиена труда, питания детей и подростков, гигиена жилища, гигиена лечебно-профилактических учреждений, санитарное просвещение. Отражена взаимосвязь экологии с гигиеной и основы экологических знаний в профилактической медицине. Показано экологическое и гигиеническое значение питания человека в разные периоды жизни, изложены гигиенические требования к лечебно-профилактическим и образовательным учреждениям, а также проблемы и задачи санитарного просвещения населения и профилактики социально значимых заболеваний. Учебное пособие учит оценивать санитарно-эпидемиологическое благополучие различных групп населения и влияние производственных факторов и гигиены труда на здоровье работающих. Учебное пособие подготовлено в соответствии с Федеральным государственным образовательным стандартом среднего профессионального образования по специальностям «Медико-профилактическое дело», «Лечебное дело», «Сестринское дело», «Акушерское дело» и отделение «Фармация».
言語:ロシア語
出版事項: Ростов-на-Дону, Феникс, 2012
版:2-е изд., стер.
シリーズ:Среднее профессиональное образование
主題:
フォーマット: 図書
KOHA link:https://koha.lib.tpu.ru/cgi-bin/koha/opac-detail.pl?biblionumber=214695

MARC

LEADER 00000nam0a2200000 4500
001 214695
005 20231101225918.0
010 |a 9785222195376 
035 |a (RuTPU)RU\TPU\book\234575 
090 |a 214695 
100 |a 20120427d2012 m y0rusy50 ca 
101 0 |a rus 
102 |a RU 
105 |a y j 001zy 
200 1 |a Гигиена и экология человека  |e учебное пособие  |f И. Г. Крымская 
205 |a 2-е изд., стер. 
210 |a Ростов-на-Дону  |c Феникс  |d 2012 
215 |a 342 с. 
225 1 |a Среднее профессиональное образование 
320 |a Библиогр.: с. 333-335. 
330 |a Учебное пособие обеспечивает теоретические знания по курсу «Гигиена и экология человека» и содержит полную и современную информацию о гигиене и экологии человека, отражает закономерности влияния факторов окружающей среды на его здоровье. В нем освещены вопросы гигиены воздушной среды, почвы, воды и жилищ. В учебном пособии изложены положения традиционных гигиенических дисциплин: гигиена окружающей среды, гигиена труда, питания детей и подростков, гигиена жилища, гигиена лечебно-профилактических учреждений, санитарное просвещение. Отражена взаимосвязь экологии с гигиеной и основы экологических знаний в профилактической медицине. Показано экологическое и гигиеническое значение питания человека в разные периоды жизни, изложены гигиенические требования к лечебно-профилактическим и образовательным учреждениям, а также проблемы и задачи санитарного просвещения населения и профилактики социально значимых заболеваний. Учебное пособие учит оценивать санитарно-эпидемиологическое благополучие различных групп населения и влияние производственных факторов и гигиены труда на здоровье работающих. Учебное пособие подготовлено в соответствии с Федеральным государственным образовательным стандартом среднего профессионального образования по специальностям «Медико-профилактическое дело», «Лечебное дело», «Сестринское дело», «Акушерское дело» и отделение «Фармация». 
606 1 |a Гигиена  |2 stltpush  |3 (RuTPU)RU\TPU\subj\6441  |9 34323 
606 1 |a Экология человека  |2 stltpush  |3 (RuTPU)RU\TPU\subj\39025  |9 59266 
610 1 |a окружающая среда 
610 1 |a экологические знания 
610 1 |a профилактическая медицина 
610 1 |a жизнедеятельность 
610 1 |a лечебно-профилактические средства 
610 1 |a лечебно-профилактические учреждения 
610 1 |a профессиональные вредности 
610 1 |a физиология 
610 1 |a урбоэкология 
610 1 |a дети 
610 1 |a подростки 
610 1 |a здоровый образ жизни 
610 1 |a личная гигиена 
610 1 |a экосистемы 
610 1 |a глобальные проблемы 
610 1 |a биосфера 
610 1 |a ноосфера 
610 1 |a атмосферный воздух 
610 1 |a вода 
610 1 |a загрязнения 
610 1 |a почва 
610 1 |a санитарная очистка 
610 1 |a эпидемиологическая диагностика 
610 1 |a гигиенические требования 
610 1 |a гигиеническое воспитание 
610 1 |a учебные пособия 
675 |a 613(075.032)  |v 3 
675 |a 504.72(075.032)  |v 3 
700 1 |a Крымская  |b И. Г.  |g Ирина Георгиевна 
801 1 |a RU  |b 63413507  |c 20120427 
801 2 |a RU  |b 63413507  |c 20150602  |g RCR 
942 |c BK 
959 |a 66/20120425  |d 2  |e 245,70  |f ЧЗТЛ:1  |f АНЛ:1